[Event "IECG CP.2003.S.00004 email"]
[Site "IECG email"]
[Date "2006.04.01"]
[Round "?"]
[White "Datsenko, Nik"]
[Black "Lehnert, Ronald"]
[Result "0-1"]
[WhiteElo "2113"]
[BlackElo "2315"]
[PlyCount "110"]
[EventDate "2006.04.01"]
[EventType "tourn (corr)"]
[EventRounds "6"]
[EventCountry "UKR"]
[SourceTitle "Corr 2008"]
[Source "ChessBase"]
[SourceDate "2008.06.24"]
[SourceVersion "1"]
[SourceVersionDate "2008.06.24"]
[SourceQuality "1"]

1. d4 d5 2. c4 dxc4 3. Nf3 Nf6 4. e3 e6 5. Bxc4 c5 6. 0-0 a6 7. Qe2 b5 8. Bb3 Bb7 9. Rd1 Nbd7 10. Nc3 Qb8 11. Ne5 Bd6 12. Nxd7 Nxd7 13. d5 c4 14. Bc2 Nf6 15. Kh1 Bxd5 16. Nxd5 exd5 17. e4 0-0 18. exd5 Qe8 19. Be3 Rd8 20. b3 Qe5 21. g3 Bc5 22. bxc4 bxc4 23. Qxc4 Bxe3 24. fxe3 Nxd5 25. Qd3 g6 26. e4 Nb4 27. Qb3 Rc8 28. Bd3 a5 29. Rac1 Rxc1 30. Rxc1 Rd8 31. Bb1 Qf6 32. Qe3 Qb2 33. Rf1 Rd2 34. Qf3 f6 35. e5 Qxe5 36. a3 Nd5 37. Be4 Nc3 38. Bc6 f5 39. Rc1 Ne4 40. Bxe4 Qxe4 41. Qxe4 fxe4 42. Rc4 Ra2 43. Rxe4 Rxa3 44. Re7 Ra2 45. Ra7 a4 46. g4 a3 47. Kg1 g5 48. Kf1 Ra1+ 49. Kf2 a2 50. Kg2 Kf8 51. Ra4 Ke7 52. Ra8 Kd6 53. h3 Kc5 54. Ra7 Kd5 55. Rc7 Rg1+ 0-1

[Event "IECG CP.2003.S.00004 email"]
[Site "IECG email"]
[Date "2006.04.01"]
[Round "?"]
[White "Hnatovsky, Nicholas"]
[Black "Datsenko, Nik"]
[Result "1-0"]
[WhiteElo "2334"]
[BlackElo "2113"]
[PlyCount "81"]
[EventDate "2006.04.01"]
[EventType "tourn (corr)"]
[EventRounds "6"]
[EventCountry "UKR"]
[SourceTitle "Corr 2008"]
[Source "ChessBase"]
[SourceDate "2008.06.24"]
[SourceVersion "1"]
[SourceVersionDate "2008.06.24"]
[SourceQuality "1"]

1. d4 Nf6 2. Nf3 e6 3. c4 Bb4+ 4. Bd2 Qe7 5. g3 Nc6 6. Nc3 0-0 7. Bg2 Bxc3 8. Bxc3 Ne4 9. Rc1 Nxc3 10. Rxc3 d6 11. d5 Nb8 12. dxe6 Bxe6 13. 0-0 Nd7 14. Nd4 c6 15. Re3 Ne5 16. Nxe6 fxe6 17. c5 Nc4 18. cxd6 Nxd6 19. Qb3 Rf6 20. Rd3 Rd8 21. Rfd1 Nf7 22. Rxd8+ Nxd8 23. Qa3 Qxa3 24. bxa3 Rf8 25. Rd7 e5 26. a4 a5 27. Re7 b6 28. Rxe5 Rf6 29. Re8+ Rf8 30. Re3 Rf6 31. Rd3 Nf7 32. Rd7 g5 33. Rb7 Rd6 34. Rxb6 Rd1+ 35. Bf1 Ne5 36. f3 Rd4 37. Bh3 Kf7 38. Rb7+ Kf6 39. Rxh7 Rxa4 40. Rh6+ Kg7 41. Re6 1-0

[Event "IECG CP.2003.S.00004 email"]
[Site "IECG email"]
[Date "2006.04.01"]
[Round "?"]
[White "Rosso, Pier Andrea"]
[Black "Datsenko, Nik"]
[Result "1/2-1/2"]
[WhiteElo "2263"]
[BlackElo "2113"]
[PlyCount "119"]
[EventDate "2006.04.01"]
[EventType "tourn (corr)"]
[EventRounds "6"]
[EventCountry "UKR"]
[SourceTitle "Corr 2008"]
[Source "ChessBase"]
[SourceDate "2008.06.24"]
[SourceVersion "1"]
[SourceVersionDate "2008.06.24"]
[SourceQuality "1"]

1. d4 Nf6 2. Bf4 d5 3. e3 Nbd7 4. Nd2 c5 5. c3 a6 6. Be2 e6 7. Ngf3 Be7 8. Ne5 0-0 9. 0-0 Nxe5 10. dxe5 Nd7 11. e4 f6 12. exd5 exd5 13. Nf3 Nxe5 14. Nxe5 fxe5 15. Bxe5 Bf6 16. Bxf6 Rxf6 17. Bf3 Be6 18. Re1 Bf7 19. Qd3 Qd6 20. a3 Rd8 21. Rad1 b5 22. b4 Qc7 23. Qe3 Re6 24. Qg5 Rxe1+ 25. Rxe1 cxb4 26. axb4 d4 27. cxd4 Rxd4 28. h3 Qd6 29. Qc5 Qxc5 30. bxc5 Rd7 31. c6 Ra7 32. Rc1 Bc4 33. Be2 Kf7 34. Bxc4+ bxc4 35. Rxc4 Rc7 36. f4 Ke6 37. Ra4 Rxc6 38. Kf2 Kd5 39. Ke3 Kc5 40. Ra2 Re6+ 41. Kd3 Rd6+ 42. Ke4 Re6+ 43. Kf5 Rb6 44. Ke5 Kc4 45. g4 Rb5+ 46. Kd6 Rb6+ 47. Kd7 Kd4 48. h4 Ke4 49. Ra4+ Kf3 50. f5 Rf6 51. h5 h6 52. Kd8 Rd6+ 53. Ke7 Rf6 54. Kd7 a5 55. Ke7 Kg3 56. Rd4 Kf3 57. Rc4 Kg3 58. Rd4 Kf3 59. Rc4 Kg3 60. Rd4 1/2-1/2